| 000 | 00749nam a2200229Ia 4500 | ||
|---|---|---|---|
| 999 |
_c37599 _d37599 |
||
| 001 | 3571 | ||
| 003 | GE_BSU | ||
| 005 | 20221028151348.0 | ||
| 008 | 181216s2009ru xx |||||||||||||| ||rus|| | ||
| 020 | _a9785338004949 | ||
| 040 | _cGE_BSU | ||
| 041 | _arus | ||
| 080 | _a159.922.7(075.8) С-50 | ||
| 100 |
_aСмирнова, Е.О. _915643 |
||
| 245 |
_aДетская психология : _bУчебник для студ. высш. педагогич. учебн. заведений / _c Е.О. Смирнова |
||
| 260 | _a3-е изд. | ||
| 264 |
_aСПБ : _bПитер, _c2009. |
||
| 300 |
_a304 стр. _bил. |
||
| 653 | _aДетская психология | ||
| 653 | _aფსიქოლოგია | ||
| 942 |
_cBK _2udc |
||